000 00739nam a22002057a 4500
005 20100813115918.0
010 _aENG-100469
020 _c135.00
_a9788190933070
035 _aEN-84002
037 _bDBAD/PUB
082 _a480.7
100 _aPrema, N
_913506
245 u _aTeaching of english:
_cby N. Prema
_bpaper- I (general english) /
260 _aChennai
_bG.V. Publications
_c2009
270 _aNo. 187/ G, IIIrd Floor, Venkatrarangan Pillai Street, Triplicane,
_bChennai
_e600005
300 _a332p.
_c22cm (pbk)
700 _913048
942 _2ddc
_cEN
_h480.7
_mPRE
999 _c41967
_d41967